Guay, ay ay ay (Registro nro. 7374)
[ vista simple ]
| 000 -LEADER | |
|---|---|
| fixed length control field | 00770nam a2200229 a 4500 |
| 001 - CONTROL NUMBER | |
| control field | 000025373 |
| 003 - CONTROL NUMBER IDENTIFIER | |
| control field | DO-SdBNP |
| 005 - DATE AND TIME OF LATEST TRANSACTION | |
| control field | 20160920154440.0 |
| 007 - PHYSICAL DESCRIPTION FIXED FIELD--GENERAL INFORMATION | |
| fixed length control field | 000025373 |
| 008 - FIXED-LENGTH DATA ELEMENTS--GENERAL INFORMATION | |
| fixed length control field | 110215s2001 dr a 000 0 spa d |
| 020 ## - INTERNATIONAL STANDARD BOOK NUMBER | |
| International Standard Book Number | 9780461651 |
| 040 ## - CATALOGING SOURCE | |
| Original cataloging agency | BPMET |
| Language of cataloging | spa |
| Transcribing agency | BPMET |
| 100 1# - MAIN ENTRY--PERSONAL NAME | |
| Personal name | Collins de Colado, Mary |
| 245 10 - TITLE STATEMENT | |
| Title | Guay, ay ay ay |
| Remainder of title | La vez que las mariposas se convirtieron en rosas / |
| Statement of responsibility, etc. | Mary Collins de Collado ; ilustración Ramiro Manzano, Nidia Serra. |
| 260 ## - PUBLICATION, DISTRIBUTION, ETC. (IMPRINT) | |
| Place of publication, distribution, etc. | Santo Domingo : |
| Name of publisher, distributor, etc. | Editorial Norma |
| Date of publication, distribution, etc. | 2001. |
| 300 ## - PHYSICAL DESCRIPTION | |
| Extent | 55 p. : |
| Other physical details | il. ; |
| Dimensions | 19 cm. |
| 500 ## - GENERAL NOTE | |
| General note | Incluye datos biográficos de la autora en la contracubierta |
| 700 1# - ADDED ENTRY--PERSONAL NAME | |
| Personal name | Serra, Nidia |
| Relator term | il. |
| 700 1# - ADDED ENTRY--PERSONAL NAME | |
| Personal name | Manzano, Ramiro |
| Relator term | il. |
| 942 ## - ADDED ENTRY ELEMENTS (KOHA) | |
| Source of classification or shelving scheme | Dewey Decimal Classification |
| Koha item type | Libros |
| 956 ## - LOCAL ELECTRONIC LOCATION AND ACCESS (OCLC) | |
| Host name | VMATEO |
| Access number | 10 |
| Compression information | 20110216 |
| Logon | BPMSU |
| Processor of request | 0069 |
| Withdrawn status | Lost status | Source of classification or shelving scheme | Damaged status | Not for loan | Collection code | Home library | Current library | Date acquired | Total Checkouts | Barcode | Date last seen | Copy number | Price effective from | Koha item type |
|---|---|---|---|---|---|---|---|---|---|---|---|---|---|---|
| Dewey Decimal Classification | Biblioteca Pública Metropolitana Salomé Ureña | Biblioteca Pública Metropolitana Salomé Ureña | 02/11/2015 | BPMET15041164 | 02/11/2015 | 1 ej. | 02/11/2015 | Libros | ||||||
| Dewey Decimal Classification | Biblioteca Pública Metropolitana Salomé Ureña | Biblioteca Pública Metropolitana Salomé Ureña | 02/11/2015 | BPMET15041165 | 02/11/2015 | 2 ej. | 02/11/2015 | Libros |